Statistiques concernant Hémisphère Nord, Hémisphère Sud ou les Deux

Cliquez ici pour prendre le quiz!

Statistiques générales

  • Ce quiz a été pris 149 fois
    (33 depuis la dernière actualisation)
  • Le résultat moyen est 11 sur 20

Statistiques - réponses

QuestionRéponse% Correct
SamoaSud
81%
AngolaSud
81%
SurinameNord
74%
Timor OrientalSud
71%
Papouasie-Nouvelle-GuinéeSud
71%
BrésilLes deux
68%
PhilippinesNord
65%
Soudan du SudNord
65%
RwandaSud
65%
Sri LankaNord
58%
SingapourNord
58%
PérouSud
52%
VenezuelaNord
48%
SeychellesSud
48%
SomalieLes deux
45%
IndonésieLes deux
42%
GabonLes deux
39%
OugandaLes deux
26%
Guinée EquatorialeNord
23%
KiribatiLes deux
19%

Distribution des résultats

Percentile par nombre de réponses

% des personnes avec chaque résultat

Votre développement - résultats

Vous n’avez pas pris ce quiz depuis la dernière actualisation